Vista normal Vista MARC

Entrada Nombre personal

Número de registros utilizados en: 2

001 - NÚMERO DE CONTROL

  • Campo de control: 41468

003 - IDENTIFICADOR DE NÚMERO DE CONTROL

  • Campo de control: OSt

005 - FECHA Y HORA DE LA ULTIMA MODIFICACION

  • Campo de control: 20170607161022.0

008 - ELEMENTOS DE DATOS DE LONGITUD FIJA

  • Campo de longitud fija: 170607|| aca||aabn | a|a d

040 ## - FUENTE DE LA CATALOGACIÓN

  • Agencia original de catalogación: OSt

100 1# - ENCABEZAMIENTO--NOMBRE DE PERSONA

  • Nombre personal: Saravia Cañas, Jonathan Josué

400 1# - TRAZADO VEÁSE--NOMBRE DE PERSONA

  • Nombre personal: Saravia, Josué

400 1# - TRAZADO VEÁSE--NOMBRE DE PERSONA

  • Nombre personal: Cañas, Jonathan

670 ## - FUENTE DE DATOS ENCONTRADOS

  • Fuente de citación: Pasantía, Unidad de Diseño Arquitectónico, UNICAES

670 ## - FUENTE DE DATOS ENCONTRADOS

  • Fuente de citación: BMC-07-06-2017